000
00310nam a22001457a 4500
008
211011b ||||| |||| 00| 0 eng d
020
_a
9780618230273
041
_a
eng
080
_a
371
082
_a
371
100
_a
46
101
_a
EDU
245
_a
College Vocabulary
_c
Bunting,J.D
942
_2
udc
_c
BK
999
_c
58120
_d
58120